1342 1924 1022 1292 1728 1797 1757 1580 1420 1357 1608 1049 1060 1694 1014 1048 1694 1272 1242 1190 1512 1329 1819 1217 1989 1718 1663 1219 1573 1813 1389 1945 1834 1800 1782 1045 1977 1563 1284 1034 1354 1870 1520 1740 1002 1680 1413 1474 1841 1322 1263 1917 1742 1034 1259 1299 1822 1629 1257 1433 1921 1651 1737 1580 1399 1200 1269 1902 1597 1037 1005 1469 1506 1168 1467 1022 1715 1721 1799 1030 1203 1861 1348 1484 1700 1802 1859 1533 1368 1127 1303 1222 1824 1470 1244 1821 1732 1919 1445 BCNSPRNW ULIB Ver.6.0+V

เปลี่ยนเป็นภาษาไทย

Change to English
 แสดงรายละเอียดบรรณานุกรม
  กลับหน้าหลัก

Brief Record : Get Marc (ISO 2709) : E-mail record : QR code < ปิดหน้าต่าง
LEADER : 00000nam 2200000uu 4500
001    13399127023
003     ULIB
008    020711s2559 th a 000 0 tha d
020    ^a9786163920157
060    ^aWS103^bก344ก
110 1  ^aกองบรรณาธิการสำนักพิมพ์โลกหนังสือ
245    ^aกากับนกยูง (THE CROW AND THE PEACOCK) (สองภาษาไทย-อังกฤษ)
250    ^aพิมพ์ครั้งที่ 1
260    ^aกรุงเทพฯ :^bบริษัทสำนักพิมพ์โลกหนังสือ จำกัด,^c2559
300    ^a8 หน้า;^b21 ซม.
650    ^aเด็ก^xการเรียนการสอน
945    ^p35^l0^i006211
999    ^aประนอม เกษจรัล
รายการนี้ยังไม่มีแท็ก
คุณยังไม่ได้ล็อกอิน คุณสามารถมีกิจกรรมร่วมกับเว็บไซต์ได้ แต่ต้องล็อกอินก่อน ::
  ล็อกอิน

รายการสื่อสารสนเทศ

ลำดับที่ ประเภท เลขเรียก/บาร์โค้ด สถานที่ สถานะ
1. วิทยาศาสตร์การแพทย์ และสุขภาพ
วิทยาศาสตร์การแพทย์ และสุขภาพ
WS103 ก344ก ฉ.1 
  Barcode: 006211
ห้องสมุดวิทยาเขตสวรรค์ประชารักษ์
►หนังสือทั่วไป
ถูกยืม กำหนดส่งวันที่ 25 เมษายน 2568
  จอง

BibComment


ยังไม่เคยถูกคอมเมนท์

คอมเมนท์ทรัพยากรรายการนี้
  คอมเมนท์: กากับนกยูง THE C..


 Copyright 2026. Bcnsprnw @Library